00727 2200265 4500001002100000005001500021035002000036007000300056008004100059020002200100082001000122084001600132100001900148245009500167250001000262260003800272300002800310650002600338700002700364504002900391990001100420990001100431990000900442990001000451INLIS00000000000385620190731092243 a0010-0719000274ta190731 g 0 ind  a978-979-002-620-9 a633.3 a633.3 ADI k0 aADISARWANTO, T1 aKedelai Tropika :bProduktivitas 3 ton/ha /cT. Adisarwanto; editor, Febriani Ai Nurrohmah acet.1 aJakarta :bPenebar Swadaya,c2014 a91 hlm :bilus ;c23 cm 4aKEDELAI. TANAMAN BIJI0 aFEBRIANI, Ai Nurrohmah aBibliografi.: hlm. 83-91 a5571 a a5571 b a5339 a5571c